| 000 | 01452nam a2200349 a 4500 | ||
|---|---|---|---|
| 001 | ebr10582591 | ||
| 003 | CaPaEBR | ||
| 006 | m u | ||
| 007 | cr cn||||||||| | ||
| 008 | 120507s2012 njua sb 001 0 eng d | ||
| 010 | _z 2012009796 | ||
| 020 | _z9781118111253 (cloth) | ||
| 020 | _z9781118391860 (e-book) | ||
| 040 |
_aCaPaEBR _cCaPaEBR |
||
| 035 | _a(OCoLC)808342463 | ||
| 050 | 1 | 4 |
_aTS183 _b.H55 2012eb |
| 082 | 0 | 4 |
_a628 _223 |
| 100 | 1 | _aHillis, David R. | |
| 245 | 1 | 0 |
_aImproving profitability through green manufacturing _h[electronic resource] : _bcreating a profitable and environmentally compliant manufacturing facility / _cDavid R. Hillis, J. Barry DuVall. |
| 260 |
_aHoboken, N.J. : _bWiley, _c2012. |
||
| 300 |
_axvi, 227 p. : _bill. |
||
| 504 | _aIncludes bibliographical references and index. | ||
| 533 |
_aElectronic reproduction. _bPalo Alto, Calif. : _cebrary, _d2011. _nAvailable via World Wide Web. _nAccess may be limited to ebrary affiliated libraries. |
||
| 650 | 0 |
_aManufacturing processes _xCost control. |
|
| 650 | 0 |
_aManufacturing processes _xEnvironmental aspects. |
|
| 650 | 0 |
_aGreen products _xCost effectiveness. |
|
| 650 | 0 | _aSustainable enginering. | |
| 655 | 7 |
_aElectronic books. _2local |
|
| 700 | 1 |
_aDuVall, John Barry, _d1942- |
|
| 710 | 2 | _aebrary, Inc. | |
| 856 | 4 | 0 |
_uhttp://site.ebrary.com/lib/rucke/Doc?id=10582591 _zAn electronic book accessible through the World Wide Web; click to view |
| 999 |
_c83313 _d83313 |
||